| 000 | 01428cam a2200253 4500 | ||
|---|---|---|---|
| 008 | 031107n2003 000 0 eng u | ||
| 020 | _a1842191705 | ||
| 035 | _a(Sirsi) u124261 | ||
| 041 | _aeng | ||
| 050 |
_a711.52 _c18 |
||
| 110 |
_aRoyal Institution of Chartered Surveyors _bFoundation _94173 |
||
| 245 | _aBenchmarking urban regeneration | ||
| 260 |
_aLondon _bRICS Foundation _c2003 |
||
| 300 |
_a24p. _c21cm |
||
| 520 | _aWithout adequate information, investors are unwilling to allocate funds to a project or an investment opportunity. There are many areas of our towns and cities that need urban regeneration which are being deprived of much-needed investment because investors are unsure of the returns that they could expect. This research has developed a property performance index for urban regeneration areas. The results show that it is possible to achieve financial returns that exceed recognised performance benchmarks. This finding is important in changing perceptions in investment decision-making and in the encouragement of private finance into urban regeneration. | ||
| 650 | _aURBAN REGENERATION | ||
| 650 | _aINVESTMENT | ||
| 650 | _aBENCHMARKING | ||
| 650 | _aPRIVATE FINANCE | ||
| 650 | _aPROPERTY PERFORMANCE | ||
| 690 | _aREGENERATION | ||
| 856 |
_uhttps://www.rics.org/site/scripts/download_info.aspx?downloadID=2112 _zView the report on the RICS Foundation website... |
||
| 942 | _n0 | ||
| 999 |
_c103185 _d103185 |
||